Normal view
MARC view
- Clerici Gianfranco
Entry Personal Name
001 - CONTROL NUMBER
- control field: 43710
003 - CONTROL NUMBER IDENTIFIER
- control field: IT-RoPau
005 - DATE AND TIME OF LATEST TRANSACTION
- control field: 20151127114526.0
008 - FIXED-LENGTH DATA ELEMENTS
- fixed length control field: 151127|| aca||aabn | a|a d
040 ## - CATALOGING SOURCE
- Original cataloging agency: IT-RoPau
- Transcribing agency: IT-RoPau
100 ## - HEADING--PERSONAL NAME
- Personal name: Clerici Gianfranco
- Relator term: (soggetto)
- Miscellaneous information: Codice Soggetto 2° SPICS: 38207
670 ## - SOURCE DATA FOUND
- Source citation: Work cat.: (IT-RoPau)105851: Pasculli Ettore Codice regista SPICS: 33095 43708, FUGA DAL PARADISO FUGA DAL PARADISO (Rif. Codice opera principale : B5023)